El Proceso de la recosntrucción hermenéutica: la producción de irritaciones
محفوظ في:
| التنسيق: | نص |
|---|---|
| الموضوعات: | |
| الوسوم: |
إضافة وسم
لا توجد وسوم, كن أول من يضع وسما على هذه التسجيلة!
|
MARC
| LEADER | 00000 a a2200000 04500 | ||
|---|---|---|---|
| 001 | 196 | ||
| 003 | |||
| 040 | |||
| 245 | |a El Proceso de la recosntrucción hermenéutica: |b la producción de irritaciones | ||
| 650 | |a PSICOLOGIA | ||
| 650 | |a ETNOLOGIA | ||
| 650 | |a ROL MASCULINO | ||
| 650 | |a ROL DE LA MUJER | ||
| 650 | |a LITERATURA | ||
| 773 | |g volumen 13, número 91; páginas 17-31 | ||
| 999 | |c 35847 |d 35847 | ||
| 773 | 0 | |0 18811 |9 3246 |a Universidad de Costa Rica. Instituto de Investigaciones en Psicología |d San José, C.R.: Editorial de la UCR |o 07047 |t Actualidades en Psicología / | |
